Learn English grammar: through tests and exercises (Record no. 7308)

000 -LEADER
fixed length control field 01055nmm a2200289 a 4500
001 - CONTROL NUMBER
control field ocm000779996
003 - CONTROL NUMBER IDENTIFIER
control field TR-IsHL
005 - DATE AND TIME OF LATEST TRANSACTION
control field 20201028140457.0
008 - FIXED-LENGTH DATA ELEMENTS--GENERAL INFORMATION
fixed length control field 131212s2011 tu eng
007 - PHYSICAL DESCRIPTION FIXED FIELD--GENERAL INFORMATION
fixed length control field cr cn
020 ## - INTERNATIONAL STANDARD BOOK NUMBER
International Standard Book Number 9786054392315
035 ## - SYSTEM CONTROL NUMBER
System control number 779996
-- (N$T)
050 04 - LIBRARY OF CONGRESS CALL NUMBER
Classification number PE1065
Item number .C35 2011
090 04 - LOCALLY ASSIGNED LC-TYPE CALL NUMBER (OCLC); LOCAL CALL NUMBER (RLIN)
Classification number (OCLC) (R) ; Classification number, CALL (RLIN) (NR) PE1065
Local cutter number (OCLC) ; Book number/undivided call number, CALL (RLIN) .C35 2011
100 1# - MAIN ENTRY--PERSONAL NAME
Personal name Çakır, Hasan
245 10 - TITLE STATEMENT
Title Learn English grammar: through tests and exercises
Medium [electronic resource] /
Statement of responsibility, etc. Hasan Çakır
260 ## - PUBLICATION, DISTRIBUTION, ETC.
Place of publication, distribution, etc. Konya :
Name of publisher, distributor, etc. Eğitim Akademi Yayınevi,
Date of publication, distribution, etc. 2011
300 ## - PHYSICAL DESCRIPTION
Extent 616 p.
650 #4 - SUBJECT ADDED ENTRY--TOPICAL TERM
Topical term or geographic name entry element Dil ve Edebiyat
650 #4 - SUBJECT ADDED ENTRY--TOPICAL TERM
Topical term or geographic name entry element Language and Literature
650 #0 - SUBJECT ADDED ENTRY--TOPICAL TERM
Topical term or geographic name entry element İngiliz dili
General subdivision Çalışma ve öğretim
650 #0 - SUBJECT ADDED ENTRY--TOPICAL TERM
Topical term or geographic name entry element English language
General subdivision Study and teaching
650 #0 - SUBJECT ADDED ENTRY--TOPICAL TERM
Topical term or geographic name entry element İngiliz dili
General subdivision Dil bilgisi
-- Çalışma ve öğretim
650 #0 - SUBJECT ADDED ENTRY--TOPICAL TERM
Topical term or geographic name entry element English language
General subdivision Grammar
-- Study and teaching
650 #7 - SUBJECT ADDED ENTRY--TOPICAL TERM
Topical term or geographic name entry element LANGUAGE ARTS & DISCIPLINES / Grammar & Punctuation
Source of heading or term bisacsh
856 40 - ELECTRONIC LOCATION AND ACCESS
Uniform Resource Identifier <a href="http://search.ebscohost.com/login.aspx?direct=true&scope=site&db=e011xww&AN=779996">http://search.ebscohost.com/login.aspx?direct=true&scope=site&db=e011xww&AN=779996</a>
Holdings
Withdrawn status Lost status Source of classification or shelving scheme Damaged status Not for loan Collection code Permanent Location Current Location Date acquired Total Checkouts Full call number Barcode Date last seen Price effective from Koha item type
        Online   Kıbrıs Amerikan Üniversitesi Kütüphanesi / American University of Cyprus Kıbrıs Amerikan Üniversitesi Kütüphanesi / American University of Cyprus 28.10.2020   PE1065 .C35 2011 779996 28.10.2020 28.10.2020 E-Kitap
Devinim Yazılım Eğitim Danışmanlık tarafından Koha'nın orjinal sürümü uyarlanarak geliştirilip kurulmuştur.